[Event "Aimchess Rapid Div 2 W"]
[Site "chess.com INT"]
[Date "2023.07.10"]
[Round "1.3"]
[White "Saric, Ivan"]
[Black "Sevian, Samuel"]
[Result "0-1"]
[WhiteTitle "GM"]
[BlackTitle "GM"]
[WhiteElo "2657"]
[BlackElo "2698"]
[WhiteFideId "14508150"]
[BlackFideId "2040506"]
[EventDate "2023.07.10"]
[EventType "k.o."]

1. e4 e5 2. Nf3 Nc6 3. g3 Nf6 4. d3 d5 5. exd5 Nxd5 6. Bg2 Bb4+ 7. Nbd2 O-O 8.
O-O Bxd2 9. Qxd2 Re8 10. Re1 h6 11. b3 Bf5 12. Bb2 Qd6 13. Re2 Re7 14. Rae1 Rae8
15. Qc1 Re6 16. h3 Nb6 17. Qa1 Nd7 18. Nd2 Nb6 19. Ne4 Qe7 20. a4 Nd7 21. Ba3
Qd8 22. c3 a5 23. Qc1 b6 24. g4 Bh7 25. Re3 Nf8 26. Ng3 Ng6 27. d4 Nf4 28. d5
Nxg2 29. dxe6 Nxe1 30. exf7+ Kxf7 31. Qxe1 Qd7 32. Qe2 Rd8 33. g5 Qd1+ 34. Kg2
Qxe2 35. Rxe2 hxg5 36. Bc1 Rd3 37. Bd2 Kg6 38. Ne4 Bg8 39. c4 Rxb3 40. Nxg5 Bxc4
41. Re1 Rd3 42. Bc1 Bd5+ 43. Kh2 Kf5 44. h4 Rd4 45. Kh3 Rxa4 46. Rg1 Nd4 47. Nh7
Nf3 48. Rxg7 Rxh4+ 49. Kg3 Rh1 50. Rxc7 Rg1+ 51. Kh3 b5 52. Be3 Bc4 0-1

[Event "Aimchess Rapid Div 2 W"]
[Site "chess.com INT"]
[Date "2023.07.10"]
[Round "1.1"]
[White "Hakobyan, Aram"]
[Black "Sarana, Alexey"]
[Result "1/2-1/2"]
[WhiteTitle "GM"]
[BlackTitle "GM"]
[WhiteElo "2613"]
[BlackElo "2685"]
[WhiteFideId "13306677"]
[BlackFideId "24133795"]
[EventDate "2023.07.10"]
[EventType "k.o."]

1. d4 Nf6 2. c4 e6 3. g3 d5 4. Bg2 Bb4+ 5. Bd2 Be7 6. Nf3 O-O 7. O-O c6 8. Qc2
b6 9. Ne5 Bb7 10. Nc3 Nbd7 11. e4 dxe4 12. Nxe4 Nxe5 13. dxe5 Nxe4 14. Bxe4 h6
15. a4 Qc7 16. a5 c5 17. a6 Bc6 18. Bc3 Rad8 19. Rfd1 Qc8 20. Qe2 Rxd1+ 21. Rxd1
Rd8 22. Rxd8+ Bxd8 23. b4 cxb4 24. Bxb4 Qa8 25. Bxc6 Qxc6 26. Qd3 Bc7 27. Bd6 f5
28. h4 Kf7 29. Bxc7 Qxc7 30. Qf3 Ke7 31. Qa8 g5 32. Qh8 gxh4 33. Qf6+ Kd7 34.
Qf7+ Kd8 35. Qxe6 hxg3 36. Qg8+ Ke7 37. Qg7+ Kd8 38. Qf8+ Kd7 39. Qxf5+ Kc6 40.
Qe6+ Kc5 41. Qd5+ Kb4 42. e6 gxf2+ 43. Kf1 Qg3 44. Qd2+ Ka4 45. Qc2+ Kb4 46.
Qd2+ Ka4 47. Qc2+ Kb4 48. Qd2+ 1/2-1/2

[Event "Aimchess Rapid Div 2 W"]
[Site "chess.com INT"]
[Date "2023.07.10"]
[Round "1.2"]
[White "Sarana, Alexey"]
[Black "Hakobyan, Aram"]
[Result "0-1"]
[WhiteTitle "GM"]
[BlackTitle "GM"]
[WhiteElo "2685"]
[BlackElo "2613"]
[WhiteFideId "24133795"]
[BlackFideId "13306677"]
[EventDate "2023.07.10"]
[EventType "k.o."]

1. d4 Nf6 2. c4 e6 3. Nc3 Bb4 4. Qc2 O-O 5. Nf3 c5 6. dxc5 Bxc5 7. Bg5 Be7 8. e4
d6 9. Be2 h6 10. Bf4 Nh5 11. Be3 Nf6 12. Rd1 Nbd7 13. O-O a6 14. Nd4 Qc7 15. f4
b6 16. f5 Ne5 17. fxe6 fxe6 18. Qb3 Rb8 19. h3 Bd7 20. Rc1 Kh8 21. Qd1 Nh7 22.
b3 Bg5 23. Qd2 Qc5 24. Kh1 Nc6 25. Nc2 Bxe3 26. Nxe3 Nf6 27. Rcd1 Rbd8 28. Ng4
Nxg4 29. Rfe1 Nf2+ 0-1

[Event "Aimchess Rapid Div 2 W"]
[Site "chess.com INT"]
[Date "2023.07.10"]
[Round "1.3"]
[White "Hakobyan, Aram"]
[Black "Sarana, Alexey"]
[Result "0-1"]
[WhiteTitle "GM"]
[BlackTitle "GM"]
[WhiteElo "2613"]
[BlackElo "2685"]
[WhiteFideId "13306677"]
[BlackFideId "24133795"]
[EventDate "2023.07.10"]
[EventType "k.o."]

1. d4 Nf6 2. c4 e6 3. Nc3 d5 4. Bg5 Be7 5. e3 h6 6. Bh4 Nbd7 7. Nf3 c5 8. dxc5
Nxc5 9. cxd5 Nxd5 10. Bxe7 Kxe7 11. Qd4 Qa5 12. Bc4 Nxc3 13. bxc3 Bd7 14. O-O
Bc6 15. Be2 Ne4 16. Rfc1 Rad8 17. Qb4+ Qxb4 18. cxb4 Rc8 19. Bd3 Nd6 20. Ne5 Be4
21. Bxe4 Nxe4 22. f3 Nc3 23. Kf1 Rhd8 24. Ke1 Nd5 25. e4 Ne3 26. Kf2 Nc2 27.
Rab1 f6 28. Ng6+ Kf7 29. Nf4 g5 30. Ne2 Rd2 31. Rb2 b5 32. g3 Rc4 33. a3 a6 34.
Ra2 e5 35. Rb2 h5 36. h3 Kg6 37. g4 h4 38. Ra2 Kf7 39. Rb2 Ke7 40. Ra2 Kd6 41.
Rb2 Kc6 42. Ra2 Kb6 43. Rb2 a5 44. Ra2 Ka6 45. Rb2 Kb7 46. Ra2 Ka7 47. Rb2 Ka6
48. Ra2 Kb6 49. Rb2 a4 50. Ra2 Kb7 51. Rb2 Ka6 52. Ra2 Ka7 53. Rb2 Ka8 54. Ra2
Kb8 55. Rb2 Kc8 56. Ra2 Kd8 57. Rb2 Ke7 58. Ra2 Ke8 59. Rb2 Kf7 60. Ra2 Ke7 61.
Rb2 f5 62. gxf5 Kf6 63. Ra2 g4 64. hxg4 Kg5 65. Rh1 Rc3 66. f6 Rc6 67. f7 Rf6
68. Rc1 Rxe2+ 69. Kxe2 Nd4+ 70. Kf2 Rxf7 71. Kg2 Rxf3 72. Rc8 Rg3+ 73. Kf1 Kf4
74. Rh8 Nf3 75. Kf2 Kxe4 76. Re2+ Kd4 77. Rd8+ Kc4 78. Rf8 Nd4 79. Rxe5 Rxa3 80.
Rf4 Rd3 81. g5 a3 82. g6 a2 83. Re1 Rd2+ 84. Ke3 Rd3+ 85. Kf2 Kc3 86. g7 Rg3 87.
Ra1 Kb2 88. Rxa2+ Kxa2 89. Rxd4 Rxg7 90. Rd5 Rb7 91. Rd3 Rf7+ 92. Kg2 Rf4 93.
Rd7 Rxb4 94. Kf3 Rc4 95. Ke3 Kb3 96. Kd3 b4 97. Rh7 Rg4 98. Ra7 Kb2 99. Rg7 Rg3+
100. Kd2 Rxg7 0-1

[Event "Aimchess Rapid Div 2 W"]
[Site "chess.com INT"]
[Date "2023.07.10"]
[Round "1.4"]
[White "Sarana, Alexey"]
[Black "Hakobyan, Aram"]
[Result "1/2-1/2"]
[WhiteTitle "GM"]
[BlackTitle "GM"]
[WhiteElo "2685"]
[BlackElo "2613"]
[WhiteFideId "24133795"]
[BlackFideId "13306677"]
[EventDate "2023.07.10"]
[EventType "k.o."]

1. d4 d5 2. c4 e6 3. Nc3 c5 4. dxc5 d4 5. Na4 e5 6. e3 Bxc5 7. Nxc5 Qa5+ 8. Bd2
Qxc5 9. Nf3 Nc6 10. exd4 exd4 11. Bd3 Nge7 12. Qa4 O-O 13. Qb5 b6 14. b4 Qxb5
15. cxb5 Nd8 16. Nxd4 Ne6 17. Nc6 Re8 18. O-O Bb7 19. Nxe7+ Rxe7 20. Be3 Rd8 21.
Rfd1 Red7 22. Be2 Nd4 23. Bxd4 Rxd4 24. Rxd4 Rxd4 25. Rc1 g6 26. a3 Rd2 27. Bf1
Ra2 28. Rc3 Bd5 29. h4 Kg7 30. f3 Kf6 31. Re3 h6 32. Be2 g5 33. hxg5+ hxg5 34.
g4 Rb2 35. Kf1 Rb3 36. Kf2 Rxe3 37. Kxe3 Ke5 38. Bd3 Bb3 39. Be4 Bc4 40. Bc6 1/2-1/2

[Event "Aimchess Rapid Div 2 W"]
[Site "chess.com INT"]
[Date "2023.07.10"]
[Round "1.5"]
[White "Hakobyan, Aram"]
[Black "Sarana, Alexey"]
[Result "1-0"]
[WhiteTitle "GM"]
[BlackTitle "GM"]
[WhiteElo "2613"]
[BlackElo "2685"]
[WhiteFideId "13306677"]
[BlackFideId "24133795"]
[EventDate "2023.07.10"]
[EventType "k.o."]

1. e4 c5 2. Nf3 d6 3. d4 cxd4 4. Nxd4 Nf6 5. Nc3 a6 6. Bg5 e6 7. Qf3 h6 8. Be3
Nbd7 9. O-O-O Qc7 10. Qg3 b5 11. a3 Rb8 12. f3 Ne5 13. f4 Nc4 14. Bxc4 bxc4 15.
e5 dxe5 16. fxe5 Nd7 17. Nxe6 fxe6 18. Qg6+ Kd8 19. Qxe6 Bc5 20. Bxc5 Qxc5 21.
Nd5 Re8 22. Qf7 Rxe5 23. Qxg7 Qf8 24. Qg3 Qf5 25. h4 Re2 26. Qc7+ Ke8 27. Qxc4
Qe4 28. Rd4 Qxg2 29. Rhd1 Qf3 30. Rf4 Qg2 31. Nc7+ Ke7 32. Rf7+ Kd8 33. Rf8+ Ke7
34. Qf7# 1-0

[Event "Aimchess Rapid Div 2 W"]
[Site "chess.com INT"]
[Date "2023.07.10"]
[Round "1.1"]
[White "Kamsky, Gata"]
[Black "Ter-Sahakyan, Samvel"]
[Result "1/2-1/2"]
[WhiteTitle "GM"]
[BlackTitle "GM"]
[WhiteElo "2655"]
[BlackElo "2604"]
[WhiteFideId "2000024"]
[BlackFideId "13302531"]
[EventDate "2023.07.10"]
[EventType "k.o."]

1. d4 Nf6 2. Nf3 d5 3. c4 e6 4. Nc3 Be7 5. Bg5 O-O 6. e3 h6 7. Bh4 Nbd7 8. Bd3
c5 9. cxd5 Nxd5 10. Bxe7 Nxe7 11. O-O cxd4 12. Nxd4 Nf6 13. Ne4 Ned5 14. Nxf6+
Nxf6 15. Rc1 Qb6 16. Qb3 Qxb3 17. Nxb3 Bd7 18. Nc5 Bc6 19. Rfd1 Rfd8 20. f3 Kf8
21. Kf2 Nd7 22. Nb3 Ne5 23. Be2 Rxd1 24. Rxd1 Ke7 25. f4 Nd7 26. Na5 Bd5 27. Rc1
b6 28. Nc6+ Kd6 29. Nb4 Be4 30. Na6 Nc5 31. Nxc5 bxc5 32. Bf3 Bxf3 33. Kxf3 a5
34. Ke4 Rb8 35. Rc2 f5+ 36. Kd3 Kd5 37. Rd2 g5 38. g3 gxf4 39. exf4 h5 40. Kc3+
Kc6 41. b3 h4 42. Re2 Kd6 43. Rd2+ Kc6 44. Re2 Kd6 45. Rd2+ Kc6 1/2-1/2

[Event "Aimchess Rapid Div 2 W"]
[Site "chess.com INT"]
[Date "2023.07.10"]
[Round "1.1"]
[White "Dreev, Aleksey"]
[Black "Xiong, Jeffery"]
[Result "1/2-1/2"]
[WhiteTitle "GM"]
[BlackTitle "GM"]
[WhiteElo "2606"]
[BlackElo "2693"]
[WhiteFideId "4100107"]
[BlackFideId "2047640"]
[EventDate "2023.07.10"]
[EventType "k.o."]

1. d4 Nf6 2. c4 e6 3. Nc3 Bb4 4. Qc2 d5 5. a3 Bxc3+ 6. Qxc3 O-O 7. Nf3 dxc4 8.
Qxc4 b6 9. Bg5 Ba6 10. Qa4 h6 11. Bh4 c5 12. Rd1 b5 13. Qc2 c4 14. e3 Nbd7 15.
Be2 Bb7 16. O-O Rc8 17. Nd2 Qb6 18. Rc1 e5 19. dxe5 Nxe5 20. Bg3 Rfe8 21. Rfd1
a6 22. h3 Ned7 23. b4 Ne5 24. Qf5 Ng6 25. Qc2 Rcd8 26. Bf1 Ne5 27. Bxe5 Rxe5 28.
Nb1 Ree8 29. Nc3 Ne4 30. Rxd8 Qxd8 31. Rd1 Qf6 32. Rd4 Nxc3 33. Qxc3 Rd8 34.
Rxd8+ Qxd8 35. Be2 Qd6 1/2-1/2

[Event "Aimchess Rapid Div 2 W"]
[Site "chess.com INT"]
[Date "2023.07.10"]
[Round "1.2"]
[White "Xiong, Jeffery"]
[Black "Dreev, Aleksey"]
[Result "1/2-1/2"]
[WhiteTitle "GM"]
[BlackTitle "GM"]
[WhiteElo "2693"]
[BlackElo "2606"]
[WhiteFideId "2047640"]
[BlackFideId "4100107"]
[EventDate "2023.07.10"]
[EventType "k.o."]

1. e4 c5 2. Nf3 Nc6 3. Bb5 e5 4. O-O Bd6 5. c3 a6 6. Ba4 b5 7. Bc2 Nge7 8. a4 b4
9. Re1 Bb7 10. d4 cxd4 11. cxd4 Nxd4 12. Nxd4 exd4 13. Qxd4 1/2-1/2

[Event "Aimchess Rapid Div 2 W"]
[Site "chess.com INT"]
[Date "2023.07.10"]
[Round "1.3"]
[White "Dreev, Aleksey"]
[Black "Xiong, Jeffery"]
[Result "1/2-1/2"]
[WhiteTitle "GM"]
[BlackTitle "GM"]
[WhiteElo "2606"]
[BlackElo "2693"]
[WhiteFideId "4100107"]
[BlackFideId "2047640"]
[EventDate "2023.07.10"]
[EventType "k.o."]

1. d4 Nf6 2. c4 e6 3. Nc3 Bb4 4. Qc2 d5 5. a3 Bxc3+ 6. Qxc3 O-O 7. e3 b6 8. cxd5
Nxd5 9. Qc2 Bb7 10. Nf3 Nd7 11. e4 Ne7 12. Bg5 h6 13. Bh4 c5 14. Rd1 Qe8 15. Bb5
Bc6 16. Bxe7 Bxb5 17. Bxf8 Qxf8 18. Ne5 Nf6 19. dxc5 bxc5 20. Nc4 Qb8 21. f3
Bxc4 22. Qxc4 Qxb2 23. O-O Qxa3 24. Rd3 Qa5 25. Rc1 Rc8 26. Rd6 Qc7 27. Rcd1 Rb8
28. R6d2 a5 29. Ra2 Rb4 30. Qa6 Rd4 31. Rxd4 cxd4 32. Qxa5 Qc1+ 33. Kf2 Qf4 34.
Qd8+ Kh7 35. Qxd4 Qxh2 36. e5 Nd5 37. Qe4+ g6 38. Ra4 Kg7 39. Rd4 g5 40. Rxd5
exd5 41. Qxd5 1/2-1/2

[Event "Aimchess Rapid Div 2 W"]
[Site "chess.com INT"]
[Date "2023.07.10"]
[Round "1.4"]
[White "Xiong, Jeffery"]
[Black "Dreev, Aleksey"]
[Result "1/2-1/2"]
[WhiteTitle "GM"]
[BlackTitle "GM"]
[WhiteElo "2693"]
[BlackElo "2606"]
[WhiteFideId "2047640"]
[BlackFideId "4100107"]
[EventDate "2023.07.10"]
[EventType "k.o."]

1. e4 c5 2. Nf3 Nc6 3. Bb5 e5 4. O-O Bd6 5. c3 a6 6. Ba4 b5 7. Bc2 Nge7 8. a4 b4
9. Re1 Bc7 10. d4 cxd4 11. cxd4 d6 12. Be3 Bg4 13. dxe5 Nxe5 14. Nbd2 O-O 15. h3
Bh5 16. Rc1 1/2-1/2

[Event "Aimchess Rapid Div 2 W"]
[Site "chess.com INT"]
[Date "2023.07.10"]
[Round "1.5"]
[White "Dreev, Aleksey"]
[Black "Xiong, Jeffery"]
[Result "1/2-1/2"]
[WhiteTitle "GM"]
[BlackTitle "GM"]
[WhiteElo "2606"]
[BlackElo "2693"]
[WhiteFideId "4100107"]
[BlackFideId "2047640"]
[EventDate "2023.07.10"]
[EventType "k.o."]

1. d4 Nf6 2. Nf3 d5 3. Bg5 Ne4 4. Bf4 f6 5. c4 g5 6. Bc1 c6 7. Nc3 Bf5 8. g3 e6
9. Bg2 Nd7 10. Nd2 Nxd2 11. Bxd2 Bg6 12. e4 dxe4 13. Nxe4 Nb6 14. Ba5 f5 15. Nc3
Qf6 16. Qe2 Bg7 17. c5 Nd7 18. d5 Nxc5 19. dxc6 b6 20. Bb4 O-O 21. O-O f4 22.
Bxc5 bxc5 23. Qc4 f3 24. Bh3 Bf5 25. Bxf5 Qxf5 26. Rfe1 Rfe8 27. g4 Qf7 28. Qxc5
Rac8 29. Rad1 Qc7 30. Qxg5 Qxc6 31. Ne4 Rf8 32. h3 Rb8 33. b3 Kh8 34. Rd6 Qe8
35. Qh4 Qg6 36. Ng3 Rbe8 37. Qh5 Qf6 38. Ne4 Qf4 39. Rd7 h6 40. Qg6 Qe5 41. Red1
a5 42. Ng3 Qf6 43. Qxf6 Bxf6 44. Ne4 Bh4 45. Nd6 Re7 46. Rxe7 Bxe7 47. Ne4 Bh4
48. Rd6 Rc8 49. Rxe6 Kg7 50. a4 Rb8 51. Nd2 Bf6 52. Nxf3 Rxb3 53. Kg2 Rb4 54.
Ne1 Rxa4 55. Nd3 Rc4 56. Ra6 a4 57. Kf3 Be7 58. Ke3 a3 59. f4 Rc2 60. Ra7 Kf8
61. Ke4 a2 62. Kf5 Rc3 63. Ra8+ Kg7 64. Ra7 Kf8 65. Ra8+ Kg7 66. Ra7 Kf8 1/2-1/2

[Event "Aimchess Rapid Div 2 W"]
[Site "chess.com INT"]
[Date "2023.07.11"]
[Round "2.1"]
[White "Kamsky, Gata"]
[Black "Xiong, Jeffery"]
[Result "1/2-1/2"]
[WhiteTitle "GM"]
[BlackTitle "GM"]
[WhiteElo "2655"]
[BlackElo "2693"]
[WhiteFideId "2000024"]
[BlackFideId "2047640"]
[EventDate "2023.07.10"]
[EventType "k.o."]

1. d4 d5 2. Nf3 Nf6 3. c3 c5 4. dxc5 e6 5. b4 a5 6. e3 axb4 7. cxb4 b6 8. a4
bxc5 9. b5 Bd6 10. Bb2 O-O 11. Be2 Nbd7 12. O-O Bb7 13. Nbd2 Qc7 14. Qc2 Ne4 15.
Nxe4 dxe4 16. Nd2 Bxh2+ 17. Kh1 Be5 18. Nc4 Bxb2 19. Qxb2 Bd5 20. b6 Qd8 21. a5
Rb8 22. Kg1 Qg5 23. Qb5 1/2-1/2

[Event "Aimchess Rapid Div 2 W"]
[Site "chess.com INT"]
[Date "2023.07.11"]
[Round "2.1"]
[White "Lazavik, Denis"]
[Black "Paravyan, David"]
[Result "1-0"]
[WhiteTitle "GM"]
[BlackTitle "GM"]
[WhiteElo "2553"]
[BlackElo "2612"]
[WhiteFideId "13515110"]
[BlackFideId "4194985"]
[EventDate "2023.07.10"]
[EventType "k.o."]

1. d4 Nf6 2. Nf3 g6 3. g3 Bg7 4. Bg2 d5 5. O-O O-O 6. c3 a5 7. a4 b6 8. Bf4 Bb7
9. e3 Nbd7 10. Nbd2 Nh5 11. Re1 c5 12. Nb3 cxd4 13. cxd4 Nxf4 14. exf4 e6 15. h4
Rc8 16. Bf1 Qe7 17. Nbd2 Nf6 18. Qb3 Qd6 19. Bd3 Rc7 20. Rac1 Rfc8 21. Rxc7 Rxc7
22. Ne5 Bf8 23. Ndf3 Qb4 24. Qxb4 Bxb4 25. Re2 Ne4 26. Rc2 Rxc2 27. Bxc2 Nd6 28.
Nd3 b5 29. Nxb4 axb4 30. axb5 Nxb5 31. Bd3 Bc6 32. Bxb5 Bxb5 33. Ne1 f6 34. Kg2
Be2 35. f3 Kf7 36. Kf2 Bc4 37. Nc2 b3 38. Ne3 h6 39. Ke1 Bb5 40. Kd2 Ke7 41. Ng4
h5 42. Nf2 Kd6 43. Nd3 Ba6 44. Kc3 Bb5 45. Nc1 e5 46. fxe5+ fxe5 47. dxe5+ Kxe5
48. Nxb3 Be2 49. Nd4 Bd1 50. b3 1-0

[Event "Aimchess Rapid Div 2 W"]
[Site "chess.com INT"]
[Date "2023.07.11"]
[Round "2.1"]
[White "Sevian, Samuel"]
[Black "Hakobyan, Aram"]
[Result "1-0"]
[WhiteTitle "GM"]
[BlackTitle "GM"]
[WhiteElo "2698"]
[BlackElo "2613"]
[WhiteFideId "2040506"]
[BlackFideId "13306677"]
[EventDate "2023.07.10"]
[EventType "k.o."]

1. d4 Nf6 2. c4 e6 3. Nf3 d5 4. Nc3 Nbd7 5. Bf4 Bb4 6. cxd5 Nxd5 7. Bd2 N5f6 8.
a3 Bxc3 9. Bxc3 b6 10. g3 Bb7 11. Bg2 Ne4 12. Rc1 Nxc3 13. Rxc3 O-O 14. O-O c5
15. dxc5 Nxc5 16. b4 Qf6 17. Qd4 Na6 18. Qxf6 gxf6 19. Nd4 Bxg2 20. Kxg2 Rad8
21. Nb5 Rd7 22. Rfc1 Nb8 23. Rc8 a6 24. Rxf8+ Kxf8 25. Rc8+ Kg7 26. Nc7 Kg6 27.
Ne8 Rb7 28. Nd6 Rd7 29. Rg8+ Kh6 30. Nxf7+ Rxf7 31. Rxb8 1-0

[Event "Aimchess Rapid Div 2 W"]
[Site "chess.com INT"]
[Date "2023.07.11"]
[Round "2.1"]
[White "Tabatabaei, M. Amin"]
[Black "Martinez Alcantara, Jose Eduardo"]
[Result "1/2-1/2"]
[WhiteTitle "GM"]
[BlackTitle "GM"]
[WhiteElo "2689"]
[BlackElo "2619"]
[WhiteFideId "12521213"]
[BlackFideId "3805662"]
[EventDate "2023.07.10"]
[EventType "k.o."]

1. d4 Nf6 2. c4 e6 3. g3 c5 4. Nf3 cxd4 5. Nxd4 Qb6 6. Bg2 Bc5 7. e3 O-O 8. Nc3
d5 9. cxd5 Nxd5 10. Nxd5 exd5 11. O-O Bxd4 12. Qxd4 Qxd4 13. exd4 Be6 14. Be3
Nc6 15. Rac1 Rfd8 16. Rc3 Rac8 17. Rfc1 h6 18. h3 Ne7 19. g4 Rxc3 20. Rxc3 Rc8
21. Rxc8+ Nxc8 22. f4 f5 23. g5 Nd6 24. Bf3 g6 25. gxh6 Kh7 26. Kf1 Kxh6 27. Ke2
Ne4 28. Kd1 Bd7 29. Be2 Ba4+ 30. Ke1 Kg7 31. b3 Be8 32. a4 a6 33. Bc1 Kf6 34.
Ba3 Ke6 35. Bb4 b5 36. Bd1 Nf6 37. Kf2 Ne4+ 38. Ke3 Bd7 39. Bc2 Be8 40. Be1 Nd6
41. Kd3 Ne4 42. Bd1 Bd7 43. Bc2 Be8 44. Bd1 Bd7 45. h4 Be8 46. Ke3 Nd6 47. Bc2
bxa4 48. bxa4 Nc4+ 49. Kf3 a5 50. Kg3 Nb2 51. Bxa5 Bxa4 52. Bc3 Bxc2 53. Bxb2 1/2-1/2

[Event "Aimchess Rapid Div 2 W"]
[Site "chess.com INT"]
[Date "2023.07.11"]
[Round "2.2"]
[White "Hakobyan, Aram"]
[Black "Sevian, Samuel"]
[Result "1/2-1/2"]
[WhiteTitle "GM"]
[BlackTitle "GM"]
[WhiteElo "2613"]
[BlackElo "2698"]
[WhiteFideId "13306677"]
[BlackFideId "2040506"]
[EventDate "2023.07.10"]
[EventType "k.o."]

1. d4 Nf6 2. c4 e6 3. Nf3 d5 4. Nc3 Bb4 5. Bg5 h6 6. Bxf6 Qxf6 7. e3 O-O 8. Rc1
dxc4 9. Bxc4 c5 10. O-O cxd4 11. Ne4 Qe7 12. a3 Ba5 13. exd4 Rd8 14. b4 Bb6 15.
Rc3 Bd7 16. Re1 Bc6 17. Ng3 Bd5 18. Bxd5 Rxd5 19. Rc8+ Rd8 20. Rxd8+ Qxd8 21. d5
exd5 22. Nf5 Nc6 23. b5 Qf6 24. Qxd5 Qb2 25. bxc6 Bxf2+ 26. Kf1 Bxe1 27. Nxe1
Re8 28. Ne7+ Kf8 29. c7 Kxe7 30. Qe4+ Kd6 31. Qxe8 Qf6+ 32. Nf3 Kxc7 33. Qe3 b6
34. Kf2 Kd6 35. Qd3+ Kc5 36. Qd7 a6 37. Qd3 b5 38. h3 a5 39. Qc2+ Kb6 40. Qd2 g5
41. Qe3+ Kc6 42. Kg1 Qa1+ 43. Kh2 b4 44. Qe4+ Kc5 45. axb4+ axb4 46. Ne5 Qc3 47.
Qc6+ Kd4 48. Qd6+ Ke4 49. Nd7 Ke3 50. Nc5 f6 51. Qg3+ Kd4 52. Qd6+ Kc4 53. Nd7
Qd4 54. Qc6+ Kb3 55. Nc5+ Kb2 56. Qb6 Qe5+ 57. Kg1 Qe1+ 58. Kh2 Qe5+ 59. Kg1
Qe1+ 60. Kh2 Qe5+ 1/2-1/2

[Event "Aimchess Rapid Div 2 W"]
[Site "chess.com INT"]
[Date "2023.07.11"]
[Round "2.2"]
[White "Martinez Alcantara, Jose Eduardo"]
[Black "Tabatabaei, M. Amin"]
[Result "1/2-1/2"]
[WhiteTitle "GM"]
[BlackTitle "GM"]
[WhiteElo "2619"]
[BlackElo "2689"]
[WhiteFideId "3805662"]
[BlackFideId "12521213"]
[EventDate "2023.07.10"]
[EventType "k.o."]

1. e4 e5 2. Nf3 Nc6 3. Bc4 Nf6 4. d3 Bc5 5. Nc3 h6 6. Be3 Bb6 7. Nd5 d6 8. Nxb6
axb6 9. h3 Be6 10. Bb5 O-O 11. O-O Na7 12. Ba4 b5 13. Bb3 Bxb3 14. axb3 c5 15.
Nh4 Nc6 16. Rxa8 Qxa8 17. Nf5 Qd8 18. f4 Kh7 19. Qd2 Ng8 20. fxe5 Nxe5 21. d4
Nc6 22. dxc5 dxc5 23. Qc3 Nf6 24. Qxc5 b4 25. Nd6 Qe7 26. Qf5+ Kg8 27. Bxh6 Qxd6
28. Bxg7 Qd4+ 29. Kh2 Ng4+ 30. Qxg4 Qxg7 31. Qh4 Re8 32. Rf4 Ne5 33. Rf5 Ng6 34.
Qg5 Rxe4 35. Rb5 Qxb2 36. Qf5 Qd4 37. Rd5 Qe3 38. Rd8+ Re8 39. Rd7 Re7 40. Rxb7
Rxb7 41. Qc8+ Kg7 42. Qxb7 Qf4+ 43. Kh1 Qd4 44. Qf3 f5 45. Qxf5 Nf4 46. Kh2 Nd5
47. Qd7+ Kf6 48. Qd8+ Kf5 49. Qd7+ Kf4 50. h4 Ke3 51. Qh3+ Kd2 52. h5 Qe5+ 53.
Kh1 Qe1+ 54. Kh2 Qe5+ 55. Kh1 Nf4 56. Qd7+ Kxc2 57. Qh7+ Kxb3 58. h6 Qg5 59.
Qb1+ Ka4 60. Qd1+ Ka5 61. Qa1+ Kb5 62. Qg7 Qh4+ 63. Kg1 Qe1+ 64. Kh2 Qh4+ 65.
Kg1 Qe1+ 66. Kh2 Ne2 67. Qd7+ Ka5 68. Qa7+ Kb5 69. Qd7+ Kc4 70. Qe6+ Kc3 71.
Qe5+ Kb3 72. Qd5+ Kb2 73. Qe5+ Ka2 74. Qa5+ Kb3 75. Qd5+ Kc2 76. Qe4+ Kb2 77. h7
Qg3+ 78. Kh1 Qe1+ 79. Kh2 Qg3+ 80. Kh1 Qe1+ 81. Kh2 1/2-1/2

[Event "Aimchess Rapid Div 2 W"]
[Site "chess.com INT"]
[Date "2023.07.11"]
[Round "2.2"]
[White "Paravyan, David"]
[Black "Lazavik, Denis"]
[Result "0-1"]
[WhiteTitle "GM"]
[BlackTitle "GM"]
[WhiteElo "2612"]
[BlackElo "2553"]
[WhiteFideId "4194985"]
[BlackFideId "13515110"]
[EventDate "2023.07.10"]
[EventType "k.o."]

1. e4 e5 2. Nf3 Nc6 3. Bb5 Nf6 4. O-O Nxe4 5. Re1 Nd6 6. Nxe5 Be7 7. Bf1 Nxe5 8.
Rxe5 O-O 9. d4 Bf6 10. Re1 Re8 11. c3 Rxe1 12. Qxe1 Ne8 13. Bf4 d5 14. Nd2 Bf5
15. Qe3 Nd6 16. Re1 Qd7 17. Qf3 Re8 18. Rxe8+ Nxe8 19. Nb3 b6 20. Nc1 c6 21. Nd3
h6 22. Ne5 Qe6 23. h3 Bd8 24. Qg3 Bc7 25. Nd3 Bxd3 26. Bxd3 Bxf4 27. Qxf4 Nd6
28. Kf1 Kf8 29. h4 Ke7 30. a4 Qf6 31. Qe3+ Qe6 32. Qg3 Qf6 33. b4 Kd7 34. Ke2 a5
35. bxa5 bxa5 36. Kd1 g5 37. hxg5 hxg5 38. Ke2 Qd8 39. f4 gxf4 40. Qxf4 Qb8 41.
Bf5+ Kc7 42. Qe5 Qd8 43. Kd1 Qg5 44. g4 Qd8 45. Kc2 Kb6 46. Bd3 f6 47. Qe6 Nb7
48. Qf7 Qd6 49. Bf5 Qd8 50. Kb3 Nd6 51. Qg7 Qb8 52. Qxf6 Nc4 53. Kc2 Qh2+ 0-1

[Event "Aimchess Rapid Div 2 W"]
[Site "chess.com INT"]
[Date "2023.07.11"]
[Round "2.2"]
[White "Xiong, Jeffery"]
[Black "Kamsky, Gata"]
[Result "1/2-1/2"]
[WhiteTitle "GM"]
[BlackTitle "GM"]
[WhiteElo "2693"]
[BlackElo "2655"]
[WhiteFideId "2047640"]
[BlackFideId "2000024"]
[EventDate "2023.07.10"]
[EventType "k.o."]

1. e4 c5 2. Nf3 Nc6 3. Bb5 e6 4. O-O Nge7 5. Re1 a6 6. Bf1 d5 7. exd5 Nxd5 8. d4
cxd4 9. Nxd4 Ndb4 10. Nxc6 Qxd1 11. Rxd1 bxc6 12. Na3 a5 13. c3 Nd5 14. Nc4 f6
15. a4 Ba6 16. Be3 Bxc4 17. Bxc4 1/2-1/2

[Event "Aimchess Rapid Div 2 W"]
[Site "chess.com INT"]
[Date "2023.07.11"]
[Round "2.3"]
[White "Kamsky, Gata"]
[Black "Xiong, Jeffery"]
[Result "1/2-1/2"]
[WhiteTitle "GM"]
[BlackTitle "GM"]
[WhiteElo "2655"]
[BlackElo "2693"]
[WhiteFideId "2000024"]
[BlackFideId "2047640"]
[EventDate "2023.07.10"]
[EventType "k.o."]

1. e4 e5 2. Nf3 Nf6 3. Nxe5 d6 4. Nf3 Nxe4 5. Nc3 Nxc3 6. dxc3 Be7 7. Be3 O-O 8.
Qd2 Nd7 9. O-O-O c6 10. Bd3 d5 11. Bg5 Nc5 12. Bxe7 Qxe7 13. Qf4 Ne6 14. Qe5 Qc7
15. Qxc7 Nxc7 16. Rde1 Be6 17. Re3 Rfe8 18. Rhe1 h6 19. b3 Kf8 20. Ne5 Rad8 21.
Kb2 d4 22. cxd4 Rxd4 23. c3 Rdd8 24. c4 Na6 25. Kc3 Nc5 26. Bc2 Bc8 27. h4 Nd7
28. b4 Nxe5 29. Rxe5 Rxe5 30. Rxe5 Re8 31. Rxe8+ Kxe8 32. c5 g5 33. hxg5 hxg5
34. Kd4 Ke7 35. Ke5 f6+ 36. Kd4 Be6 37. a4 Bd7 38. Bd3 a6 39. g3 Kd8 40. Bg6 Ke7
41. Be4 Kd8 42. Ke3 Be6 43. f4 gxf4+ 44. gxf4 Bb3 45. a5 Be6 46. Kf3 Bd7 47. Kg3
Ke7 48. Kh4 Kf7 49. Kh5 Kg7 50. Kh4 Kf7 51. Kg3 Ke7 52. Kf2 Kd8 53. Ke3 Ke7 54.
Kd4 Kd8 55. Bg6 Ke7 56. Ke4 Be6 57. Bh5 Bd5+ 58. Kf5 Bf7 59. Be2 Be8 60. Bc4 Bf7
61. Be2 Be8 62. Bf3 Bf7 63. Be2 1/2-1/2